[Event "Cracovia Chess Festival A 2021"]
[Site "Cracow"]
[Date "2022.01.02"]
[Round "6.35"]
[White "Kolasinski, Krzysztof"]
[Black "Flak, Pawel"]
[Result "1-0"]
[WhiteElo "2114"]
[BlackElo "2206"]
[Annotator "TA"]
[PlyCount "91"]
[EventDate "2021.12.27"]
[EventCountry "POL"]
[SourceTitle "playchess.com"]
[Source "ChessBase"]
[SourceQuality "1"]

{[%evp 17,91,-7,4,0,0,-5,20,17,10,18,29,10,17,19,33,0,26,0,21,0,16,-8,0,0,0,0,14,4,14,0,141,118,235,217,225,228,312,135,138,147,128,140,139,127,294,259,256,239,350,342,377,377,374,366,579,568,575,582,571,563,580,567,646,592,591,566,665,0,558,515,646,614,3190,830,2350,2114]} 1. d4 Nf6 2. c4 e6 3. Nf3 b6 4. Nc3 Bb7 5. a3 d5 6. cxd5 Nxd5 7. e3 Be7 8. Bb5+ c6 9. Bd3 O-O 10. e4 {E12: Queen's Indian: Unusual White 4th moves, 4 a3, 4 Nc3 Bb7 5 a3 and 4 Nc3 Bb7 .} Nxc3 11. bxc3 Ba6 12. O-O {The position is equal.} Bxd3 13. Qxd3 c5 {[#]} 14. Bf4 $146 ({Predecessor:} 14. Rd1 Nc6 15. d5 exd5 16. exd5 Na5 17. c4 Nb7 18. a4 Nd6 19. Bf4 Bf6 20. Ra2 {1-0 (39) Jorczik,J (2207)-Kourousis,E (2113) Batumi 2006}) 14... Qc8 15. a4 Rd8 16. Rfd1 h6 17. Qe3 Bf8 18. h4 Nd7 {[%cal Bb8d7,Bd7f6,Bf6g4][%mdl 32]} 19. Qe2 Nf6 20. Be5 Ng4 21. Bg3 Qb7 22. e5 {Prevents Nf6.} cxd4 23. cxd4 Rd7 (23... h5 $1 $11) 24. h5 $1 $16 {Hoping for Ne1.} Rad8 (24... f5 $16) 25. Bh4 $1 $18 Rc8 {[#]} 26. Ne1 $1 f5 {[#]} 27. exf6 (27. f3 $1 $18 {and the rest is easy.}) 27... Nxf6 $16 28. Bxf6 gxf6 29. Qxe6+ Rf7 30. Rac1 Rxc1 (30... Rd8 $16 31. Nf3 Rd6) 31. Rxc1 $18 {[%cal Bd1c1,Bc1c3,Bc3c8][%mdl 32]} Qd7 32. Qc4 Kh8 (32... Qg4 {is a better defense.} 33. Nc2 Qxh5) 33. Nf3 {[%cal Be1f3,Bf3h4,Bh4f5][%mdl 32]} Ba3 34. Rc3 Bd6 35. Nh4 {Prevents Qf5.} Qg4 (35... f5 {might work better.} 36. Re3 Rf6 37. Ng6+ Kg7) 36. Qc8+ Qxc8 37. Rxc8+ {[%mdl 4096] Endgame KRB-KRN} Kh7 38. Nf5 Rd7 39. Rc6 Bf8 40. Rxf6 Bg7 41. Rg6 Bf8 42. Rf6 Bg7 43. Rc6 {White is clearly winning.} Rd5 44. g4 {Black must now prevent Rc7.} Bxd4 45. Rxh6+ Kg8 46. Ne7+ {Weighted Error Value: White=0.24 (precise) /Black=0.41} 1-0

[Event "Cracovia Chess Festival A 2021"]
[Site "Cracow"]
[Date "2022.01.02"]
[Round "6.36"]
[White "Golenia, Jan"]
[Black "Sharma Isha"]
[Result "0-1"]
[WhiteElo "2149"]
[BlackElo "2200"]
[Annotator "TA"]
[PlyCount "161"]
[EventDate "2021.12.27"]
[EventCountry "POL"]
[SourceTitle "playchess.com"]
[Source "ChessBase"]
[SourceQuality "1"]

{[%evp 24,161,22,12,26,10,39,8,45,39,60,41,54,47,57,53,85,71,74,80,66,21,39,39,50,46,58,39,156,135,193,192,176,91,97,73,84,63,62,73,182,175,545,541,536,527,509,458,410,301,300,287,276,249,425,72,173,0,62,0,0,0,0,0,0,0,0,0,0,0,0,-6,-5,-7,0,0,0,0,0,0,0,0,0,-4,-8,-17,0,0,0,0,-4,-8,-8,-48,-59,-60,-60,-61,-67,-192,-192,-189,-184,-572,-86,-93,-77,-106,-133,-1575,-11995,-29963,-29964,-29964,-29965,-29971,-29972,-29972,-29973,-29973,-29974,-29975,-29976,-29977,-29976,-29979,-29978,-29978,-29979,-29979,-29980,-29980,-29981,-29981,-29981,-29981,-29981,-29981,-29981,-29983]} 1. d4 Nf6 2. c4 e6 3. Nf3 Bb4+ 4. Bd2 Qe7 5. g3 Nc6 6. Nc3 Bxc3 7. Bxc3 Ne4 8. Rc1 {[%cal Ba1c1,Bc1c3,Bc3a3][%mdl 32]} O-O 9. Bg2 d6 10. d5 Nxc3 11. Rxc3 Nd8 12. dxe6 Nxe6 13. O-O Qf6 {E11: Bogo-Indian.} 14. Qd2 {[#]} a5 $146 ({Predecessor:} 14... h6 15. Rd1 Re8 16. Ra3 Bd7 17. b4 a6 18. Re3 Bc6 19. h4 Rad8 20. Ne1 Bxg2 21. Nxg2 {1-0 (60) Berend,E (2349)-Ivanova Skripova,T (2108) Marianske Lazne 2016}) 15. Ra3 a4 {The position is equal.} 16. b4 Re8 17. Rc1 h6 18. Re3 Rd8 19. Rd3 Bd7 20. Nd4 $1 Nxd4 21. Rxd4 Bc6 22. e4 (22. Bd5 $14 {deserves consideration.}) 22... Qe7 23. Rd1 Rdb8 24. b5 Bd7 25. Qe3 {[%cal Oe4e5]} Be6 ({Better is} 25... Re8 $14) 26. e5 $16 {[%cal Re5d6]} dxe5 (26... Qg5 $16 {keeps fighting.}) 27. Qxe5 $18 Kf8 28. Qe4 (28. h4 $18) 28... Qf6 $16 29. Qe3 Kg8 30. Rf4 Qb2 31. Rfd4 $1 Qxa2 (31... a3 $16 {was necessary.}) 32. Bxb7 $1 $18 (32. Qf4 Qb2 33. Qxc7 Rc8 $11) 32... Bg4 $2 (32... Rxb7 33. Rd8+ Rxd8 34. Rxd8+ Kh7 35. Qe4+ f5 36. Qxe6 Qb1+ 37. Kg2 Rb6 38. Qg8+ Kg6) 33. Rxg4 Rxb7 34. Qe5 {[%csl Gg4][%cal Re5g7] To avoid Qb2} (34. Qxh6 Qb2 $18) 34... g5 35. h4 Qc2 36. Qd5 Rbb8 {[%cal Ob8d8]} 37. hxg5 Qg6 {[%cal Ob8d8]} 38. Qf3 {Threatening mate with gxh6.} hxg5 (38... h5 {might work better.} 39. Rf4 (39. Rh4 a3 $16) 39... a3) 39. Qe3 $2 (39. Rd7 $1 $18 {[%cal Og4g5] is the precise move to win. Intending Rxg5! and mate.} f6 40. Rgd4 (40. Rxc7 a3 $11)) 39... f6 (39... Re8 $16 {was called for.} 40. Qxg5 Qxg5 41. Rxg5+ Kf8) 40. Qc5 $2 ({White should try} 40. Rgd4 $1 $18 {[%cal Rd4d7]}) 40... Re8 (40... a3 $1 $11 41. Rd7 (41. Qxc7 $2 a2 $19) 41... c6 42. bxc6 (42. Qxc6 Qb1+ 43. Kg2 Qf5 $11) 42... a2 43. Qd5+ Kh8 44. Qh1+ Kg8 45. Qd5+ Kh8 46. Qh1+ Kg8 47. Qd5+) 41. Qa3 ({White should play} 41. Rgd4 $1 $14) 41... Qf5 $36 {[%mdl 2048] White is under pressure.} 42. Rgd4 Re2 43. Rd8+ Kh7 44. Qd3 $1 ({But not} 44. R1d7+ Kg6 45. Qd3 Rxd8 46. Rxd8 Qxd3 47. Rxd3 Rc2 $19) 44... Qxd3 {Really sharp!} 45. R1xd3 Rxd8 46. Rxd8 {[%mdl 4096] Endgame KR-KR} a3 {[%cal Ba4a3,Ba3a2][%mdl 32]} 47. Ra8 a2 48. Kg2 Rc2 49. Kf3 Kg6 50. Ke3 g4 51. c5 Rxc5 {aiming for ...Rc2.} 52. Rxa2 Rxb5 53. Kd4 Rf5 54. Ke4 c5 55. Rc2 Kg5 56. Kd3 Re5 57. Rc4 $1 f5 58. Ra4 Kf6 59. Ra6+ Re6 60. Ra2 Re4 61. Rc2 ({White has to play} 61. Ra5 $1 $15) 61... Rd4+ $19 62. Ke3 Rd5 {Strongly threatening ...Ke5.} 63. f3 $2 (63. Rc4) 63... gxf3 $2 (63... Re5+ $1 $19 {and Black stays clearly on top.} 64. Kf4 gxf3 65. Kxf3 Ke6) 64. Kxf3 Ke5 {Threatens to win with ...Kd6.} 65. Rc4 {[#]} Kd6 $1 66. Ke3 $2 {[%mdl 8192] [#] To avoid Rd4} (66. Rh4 $17) 66... Kc6 $1 {( -> ...Kb5)} 67. g4 Kb5 {Black mates.} 68. Rf4 fxg4 69. Rxg4 c4 {[%cal Bc5c4,Bc4c3,Bc3c2][%mdl 32]} 70. Rg8 c3 71. Rc8 Kb4 72. Rb8+ Ka3 73. Ke2 Ka2 74. Rb7 c2 75. Ra7+ Kb2 76. Rb7+ Kc1 77. Rc7 Rb5 78. Kd3 Rb3+ 79. Ke2 Rb8 80. Kd3 Kb1 81. Kd4 {Black used his chance.  Weighted Error Value: White=0.21 (precise) /Black=0.34} 0-1

[Event "Cracovia Chess Festival A 2021"]
[Site "Cracow"]
[Date "2022.01.02"]
[Round "6.37"]
[White "Ulasevich, Sergei"]
[Black "Dzwierzynski, Bartosz"]
[Result "1-0"]
[WhiteElo "2171"]
[BlackElo "2100"]
[Annotator "TA"]
[PlyCount "91"]
[EventDate "2021.12.27"]
[EventCountry "POL"]
[SourceTitle "playchess.com"]
[Source "ChessBase"]
[SourceQuality "1"]

{[%evp 12,91,31,14,33,27,33,27,33,31,45,31,38,41,174,80,120,118,114,107,117,110,114,115,104,75,79,63,56,34,43,0,54,0,62,27,120,77,72,0,148,0,0,0,0,0,0,0,0,0,0,0,7,0,58,0,0,0,9,0,0,0,0,0,8,0,0,0,0,0,0,0,0,0,42,44,873,854,914,870,1268,1211]} 1. e4 c5 {[%cal Bc7c5,Bc5d4][%mdl 32]} 2. Nc3 Nc6 3. Bb5 Nd4 4. Nf3 g6 5. Nxd4 cxd4 6. Ne2 Bg7 7. O-O e6 {B31: Sicilian: 2...Nc6 3 Bb5 g6.} 8. c3 a6 9. Bd3 dxc3 {White has an edge.} 10. dxc3 Ne7 11. Bg5 {[#]} O-O $146 ({Predecessor:} 11... h6 12. Bh4 O-O 13. Qb3 d6 14. f4 Qc7 15. Rae1 b5 16. Kh1 Nc6 17. f5 Ne5 {0-1 (59) Meissner,F (2354)-Ganerdene,S (2247) Pardubice 2018}) 12. Bc2 f5 (12... h6 $14 13. Be3 d5) 13. Qd6 (13. exf5 $1 $18 {and the rest is easy.} gxf5 14. Nf4) 13... Bf6 14. Bxf6 Rxf6 15. e5 Rf7 16. Nf4 {[%cal Of4e6] Black must now prevent Nxe6!} Qf8 17. Qb6 {White is much more active. Black has bad knights.} Nc6 18. Qe3 b5 19. a4 b4 20. a5 (20. Rfd1 $5 {[%cal Rd1d6]}) 20... Rb8 21. Bd3 {To avoid Rb5} (21. c4 $14 {feels stronger.}) 21... Bb7 ({Black should play} 21... bxc3 $11 22. bxc3 Rb3) 22. Bc4 (22. Rfe1 $14) 22... Kh8 (22... g5 $1 $11 23. Nxe6 dxe6 24. Bxe6 f4) 23. Rfe1 Qd8 (23... g5 $1 $11 24. Nd3 bxc3) 24. Red1 (24. cxb4 $142 $1 Nxb4 25. Qd2) 24... Qc7 $16 25. Rd6 (25. cxb4 $1 $16 Nxb4 26. Qc3) 25... Nxa5 {[#]} (25... g5 $1 $11 26. Nd3 Nxa5 27. Bxa6 Nb3) 26. Bxa6 (26. Bxe6 $1 $16 {[%mdl 512]} dxe6 27. Nxe6) 26... Bxa6 27. Rxa6 Nc6 28. Nd3 bxc3 29. bxc3 f4 30. Qc5 f3 31. g3 Qb7 {[%cal Ob7a6] Threatens to win with ...Qxa6!} 32. h3 Qb5 (32... Qb3 $11) 33. Qxb5 ({White should try} 33. Qd6 $1 $14) 33... Rxb5 $11 34. c4 Rb7 35. g4 h5 36. Kh2 hxg4 37. hxg4 Nd4 38. Ra8+ Kg7 39. Kg3 g5 40. Nc5 $36 {[%mdl 2048] White is pushing.} Ne2+ 41. Kh3 $1 Rc7 42. Ne4 {aiming for Nd6.} Rf4 (42... Nf4+ $11 43. Kh2 Kg6 44. Rg8+ Rg7 45. Rxg7+ Kxg7) 43. Nd6 $14 Nd4 $2 {[%mdl 8192]} (43... Rc6 $14 44. R1a7 Ng1+ 45. Kh2 Rxg4 46. Rxd7+ Kh6) 44. Ne8+ $18 {White is clearly winning.} Kh7 45. Nxc7 Rf7 46. Ne8 {Weighted Error Value: White=0.19 (very precise) /Black=0.31} 1-0

[Event "Cracovia Chess Festival A 2021"]
[Site "Cracow"]
[Date "2022.01.02"]
[Round "6.38"]
[White "Stanisz, Patryk"]
[Black "Bombek, Peter"]
[Result "1-0"]
[WhiteElo "2158"]
[BlackElo "2099"]
[Annotator "TA"]
[PlyCount "91"]
[EventDate "2021.12.27"]
[EventCountry "POL"]
[SourceTitle "playchess.com"]
[Source "ChessBase"]
[SourceQuality "1"]

{[%evp 13,91,0,2,8,0,8,16,10,5,-9,-5,-88,-60,-93,0,0,0,0,0,0,0,0,20,22,33,45,90,91,129,125,149,0,0,0,0,0,0,0,0,-64,0,0,0,0,237,237,237,160,186,0,285,268,290,290,287,268,232,231,294,284,529,522,1139,318,793,343,502,498,877,865,1619,634,787,739,29978,29979,29981,29982,29986,29986]} 1. d4 d5 2. c4 e6 3. Nc3 Nf6 4. Nf3 Be7 5. Bf4 O-O 6. e3 b6 7. cxd5 Nxd5 8. Nxd5 {D37: Queen's Gambit Declined: 5 Bf4.} Qxd5 9. a3 c5 10. dxc5 {The position is equal.} Qxc5 11. Bd3 Rd8 {aiming for ...Ba6.} 12. Qb1 (12. Rc1 $11 {remains equal.} Rxd3 13. Nd2) 12... Ba6 $17 13. Bxa6 Nxa6 (13... Qa5+ $1 $17 14. b4 Qxa6) 14. O-O $11 Bf6 {[#]} 15. b4 $146 {[%mdl 2048] White is more active.} ({Predecessor:} 15. Ra2 Qe7 16. b4 Nc7 17. Rc2 Nd5 18. Be5 Rac8 19. Rfc1 Rxc2 20. Qxc2 Bxe5 21. Nxe5 {1-0 (30) Khojayan,V (2266)-Hrabinska,M (2235) Chess.com INT 2020}) 15... Qb5 16. Ra2 Rac8 17. Rc2 g5 18. Bg3 Rxc2 19. Qxc2 Qd3 (19... Nb8 $14) 20. Qa4 $1 $16 h6 21. Ne5 Qe2 {[%cal Ob6b5]} 22. b5 (22. h3 $16) 22... Bxe5 $11 23. Bxe5 Rd5 {[%csl LRb5,LRe5]} 24. Qxa6 {Threatening mate with Qc8+.} Rxe5 {[%mdl 4096] Endgame KQR-KQR} 25. a4 Rd5 26. h3 ({White should play} 26. Qc8+ $11 Kg7 27. Qc1) 26... g4 (26... Rd1 $15 27. Rxd1 Qxd1+ 28. Kh2 Qd7) 27. hxg4 ({Don't go for} 27. Qxa7 $2 gxh3 28. Qc7 hxg2 $19) 27... Qxg4 28. Qxa7 Rd1 $2 {[#]} (28... Kg7 $11) 29. f3 $1 $18 Rxf1+ 30. Kxf1 {KQ-KQ} Qc4+ {[#]} 31. Kf2 $2 (31. Kg1 $1 $18) 31... Qc2+ $2 {[%mdl 8192]} (31... Qh4+ $1 $11 32. Ke2 Qc4+ 33. Kf2 Qh4+ 34. Kf1 Qh1+ 35. Kf2 Qh4+) 32. Kg3 Qg6+ 33. Kh2 Qh5+ 34. Kg1 Qc5 35. Qb8+ Kh7 36. Qf4 f5 (36... Kg8 37. Qxh6 Qc7) 37. Qd4 {Hoping for Qxc5.} Qc7 38. Kf2 $2 (38. a5 Qc1+ 39. Kh2 Qc7+ 40. Qf4) 38... h5 $2 (38... Kg6 39. g4 Qh2+ 40. Ke1 Qg3+ 41. Kd2 Qf2+ 42. Kc3 Qe1+ 43. Kc4 Qe2+ 44. Qd3 Qa2+ 45. Kc3 Qa3+ 46. Kd2 Qb4+ 47. Ke2 Qc5) 39. Qf4 (39. a5 $142 e5 40. Qxb6) 39... Qc2+ (39... Qc5 {might work better.} 40. Qg5 Qc4) 40. Kg3 {[%cal Oa4a5] Strongly threatening a5!} Kg6 (40... Qc5 $142 41. Qg5 Qe5+ 42. Kh3 Qd6 43. Qxh5+ Kg7) 41. Qd6 {[%csl LRb6,LRe6][%cal Oa4a5] Threatens to win with a5!} Kf7 42. Qxb6 (42. a5 $142) 42... h4+ 43. Kh2 {Black must now prevent Qa7+.} ({Not} 43. Kxh4 Qxg2 44. Qc7+ Kf6 $11) 43... Qxa4 44. Qc7+ {White mates.} Kg6 45. b6 {[%cal Bb5b6,Bb6b7][%mdl 32]} h3 46. b7 {Weighted Error Value: White=0.59/Black=0.74} 1-0

[Event "Cracovia Chess Festival A 2021"]
[Site "Cracow"]
[Date "2022.01.02"]
[Round "6.39"]
[White "Garbowski, Jakub"]
[Black "Luba, Lukasz"]
[Result "0-1"]
[WhiteElo "2145"]
[BlackElo "2135"]
[Annotator "TA"]
[PlyCount "77"]
[EventDate "2021.12.27"]
[EventCountry "POL"]
[SourceTitle "playchess.com"]
[Source "ChessBase"]
[SourceQuality "1"]

{[%evp 19,77,35,40,15,27,26,71,0,67,65,70,66,60,60,172,148,163,106,110,51,43,0,67,47,80,93,72,0,0,0,6,16,20,23,116,125,161,-350,164,-858,-821,-12831,-12831,-2500,-12832,-12832,-12832,-1976,-767,-1594,-735,-12837,-12838,-12835,-12835,-29991,-12839,-12839,-12835,-1668]} 1. e4 c5 2. Nf3 Nc6 3. d4 cxd4 4. Nxd4 g6 5. Nc3 Bg7 6. Be3 Nf6 7. Bc4 O-O 8. Bb3 d6 9. h3 Qa5 {9...Na5 is a critical line.} 10. O-O Bd7 11. a3 {[#] B35: Sicilian: Accelerated Dragon with 5 Nc3: main line.} Rae8 $146 ({Predecessor:} 11... Nxd4 12. Bxd4 Bc6 13. Qd3 Rad8 14. Rae1 Nh5 15. Bxg7 Kxg7 16. f4 Qc5+ 17. Kh2 e5 18. f5 f6 {1-0 (36) Malik,J (2288)-Soural,J (2246) Chess.com INT 2021}) 12. Qd3 Qh5 (12... Rc8 $11) 13. Nd5 ({White should try} 13. f4 $16) 13... g5 (13... Nxd5 $11 14. exd5 Ne5) 14. Nxc6 $14 bxc6 15. Nxf6+ Bxf6 16. Bd4 e5 (16... Bxd4 $14 17. Qxd4 Ra8) 17. Bxa7 $18 Be7 18. c3 ({Better is} 18. f3 $18) 18... Qg6 19. Rad1 (19. a4 $16) 19... Ra8 $1 $14 20. Bc5 (20. Be3 $14) 20... Rfd8 (20... Rfb8 $11 21. Bxd6 Bxd6 22. Qxd6 Be8) 21. Be3 (21. Bxd6 Be6 22. Bxe6 Qxe6 $17) 21... h5 22. Bc1 $36 {[%mdl 2048] White has strong initiative.} Kh7 23. h4 (23. f3 $16) 23... gxh4 $11 {Strongly threatening ...Rg8.} 24. f4 $1 Bg4 25. Rd2 d5 26. fxe5 {[%cal Re4d5]} dxe4 (26... Bc5+ $11 {remains equal.} 27. Kh1 dxe4) 27. Qe3 $16 Bg5 28. Rf4 $4 {[%mdl 8192]} Bf3 $4 {[%mdl 8192]} 29. Bxf7 $4 {[%mdl 8192]} (29. Rxf7+ $18 Qxf7 30. Qxg5 Qxb3 31. Qe7+ (31. Rxd8 Rxd8 32. Qxd8 Qd1+ 33. Qxd1 Bxd1 $16) 31... Kg6 32. Rxd8 Rxd8 33. Qf6+ (33. Qxd8 Qd1+ 34. Qxd1 Bxd1 $14) 33... Kh7 34. Qxd8 (34. Qe7+ Kg6 $16) 34... Qd1+ 35. Qxd1 Bxd1 36. e6) 29... Qg7 $19 {White must now prevent ...Rxd2.} 30. Kh1 Bxf4 31. Qxf4 Rxd2 32. Qxd2 {[#]} Rd8 $3 {[%mdl 512]} 33. Qg5 Rd1+ 34. Kh2 {[#]} Qxf7 (34... Rxc1 $142 $1 {[%mdl 512]} 35. Qf5+ Kh6 36. Qe6+ Kg5 37. gxf3 exf3) 35. gxf3 exf3 36. Qh6+ Kg8 {( -> ...Qf5)} 37. e6 Qg7 (37... Qf5 $142 38. Qg5+ Qxg5 39. Bxg5 f2 40. e7 Kf7 41. Bxh4 f1=Q 42. e8=B+ Kxe8 43. b4 Qg1+ 44. Kh3 Rd3+ 45. Bg3 Qxg3#) 38. Qxg7+ Kxg7 39. Be3 {Black used his chance.  Weighted Error Value: White=1.24/Black=0.76} 0-1

[Event "Cracovia Chess Festival A 2021"]
[Site "Cracow"]
[Date "2022.01.02"]
[Round "6.40"]
[White "Kotyk, Michael"]
[Black "Dwilewicz, Katarzyna"]
[Result "1-0"]
[WhiteElo "2140"]
[BlackElo "2100"]
[Annotator "TA"]
[PlyCount "53"]
[EventDate "2021.12.27"]
[EventCountry "POL"]
[SourceTitle "playchess.com"]
[Source "ChessBase"]
[SourceQuality "1"]

{[%evp 14,53,21,0,0,-20,29,-8,15,12,17,15,18,12,60,58,74,68,87,85,70,85,185,187,179,165,226,212,187,66,124,0,0,-330,-318,-530,1651,1590,4274,3927,29990,29991]} 1. d4 Nf6 2. c4 e6 3. Nc3 Bb4 4. e3 c5 5. Nge2 cxd4 6. exd4 O-O 7. a3 Be7 8. d5 exd5 {E42: Nimzo-Indian: Rubinstein: 4...c5 5 Ne2.} 9. Nxd5 Bc5 {[#]} (9... Nxd5 $142 10. Qxd5 Bf6) 10. Be3 $146 ({Predecessor:} 10. Bg5 d6 11. Nec3 Re8+ 12. Be2 Be6 13. O-O Nc6 14. Bg4 Bxd5 15. Nxd5 Bd4 16. Bf3 {½-½ (60) Janus,P (2083)-Pazderski,Z (2227) Mrzezyno 2010}) 10... b6 {The position is equal.} 11. Nec3 Bb7 12. Be2 {[%cal Bf1e2,Be2f3,Bf3d5][%mdl 32]} Nxd5 13. Nxd5 Bxe3 (13... Na6 $11) 14. Nxe3 $14 (14. fxe3 Bxd5 15. Qxd5 Nc6 $11) 14... Nc6 15. Bf3 {White is more active.} Qf6 16. O-O Rad8 17. b4 d6 (17... Rfe8 $16 {keeps fighting.}) 18. Qa4 $18 d5 19. Bxd5 {Strongly threatening b5.} a6 (19... Ba8 {was worth a try.} 20. Rad1 Rfe8) 20. Rfd1 Rfe8 21. Ra2 ({White should play} 21. h3 $18) 21... b5 (21... Nd4 $1 $14) 22. cxb5 (22. Qc2 $16) 22... Nd4 $1 $11 23. Rad2 $2 {[%mdl 8192]} Rxd5 $19 ({Don't take} 23... axb5 24. Qa7 Rxd5 25. Nxd5 (25. Rxd4 Rxd4 26. Qxd4 Qxd4 $16) 25... Bxd5 26. Qxd4 $18) 24. bxa6 $2 ({Reject} 24. Nxd5 Bxd5 25. Rxd4 {[#]} (25. bxa6 $2 Ne2+ 26. Kf1 Bxg2+ 27. Ke1 Bc6 $19) 25... Qxd4 $3 $19 {[%mdl 512]}) (24. Rxd4 {was the only defense.} Rxd4 25. Rxd4 Qxd4 26. bxa6 Qa1+ 27. Nf1) 24... Red8 $4 {[%mdl 8192]} (24... Bc6 $19 25. Nxd5 Qe6) 25. Nxd5 $18 Bxd5 26. Rxd4 {White threatens a7 and mate.} Qg5 {[#]} 27. Rxd5 $1 {Weighted Error Value: White=0.72/Black=0.48} 1-0

[Event "Cracovia Chess Festival A 2021"]
[Site "Cracow"]
[Date "2022.01.02"]
[Round "6.41"]
[White "Matsumura, Cocoro"]
[Black "Gbyl, Andrzej"]
[Result "1-0"]
[WhiteElo "2121"]
[BlackElo "2228"]
[Annotator "TA"]
[PlyCount "81"]
[EventDate "2021.12.27"]
[EventCountry "POL"]
[SourceTitle "playchess.com"]
[Source "ChessBase"]
[SourceQuality "1"]

{[%evp 15,81,13,27,-5,-12,-49,38,37,30,39,30,-26,-21,-33,0,0,38,-108,-97,-112,-103,-101,-104,-109,-77,-164,-173,-205,-188,-195,0,-65,0,0,0,0,160,160,612,612,604,604,596,573,593,593,547,355,345,348,336,336,295,288,541,529,605,591,620,624,608,583,732,772,1568,1567,1260,1233]} 1. e4 c6 2. Nf3 d5 3. Nc3 Bg4 4. h3 Bh5 5. exd5 cxd5 6. g4 Bg6 7. Ne5 Nc6 8. Bb5 Rc8 9. h4 {aiming for h5. B11: Caro-Kann: Two Knights Variation.} f6 10. h5 {[#]} Bf7 (10... Bxc2 $1 $15 11. Qxc2 (11. Nxc6 bxc6) 11... fxe5) 11. Nxf7 $14 {White is slightly better.} Kxf7 12. d4 e6 13. f4 (13. Be3 $142) 13... Bb4 {[#]} 14. Qd3 $146 ({Predecessor:} 14. g5 Qa5 15. Bxc6 Bxc3+ 16. bxc3 Qxc3+ 17. Bd2 Qxc6 18. g6+ Ke8 19. gxh7 Rxh7 20. c3 {0-1 (32) Tsoi,V-Tarasov,A (2179) Kaliningrad 2013}) 14... Nge7 15. Bd2 Qb6 16. Be3 (16. a3 $14 {stays ahead.}) 16... a6 17. Ba4 Na5 18. O-O Bxc3 19. bxc3 Qc7 {Threatens to win with ...Qc4.} 20. Rfe1 (20. Rae1 $17) 20... Qc4 $19 ({Resist} 20... Qxc3 21. Qxc3 (21. Bd2 Qxd3 22. cxd3 Nac6 $17) 21... Rxc3 22. Bd2 $16) 21. Bd7 Rc7 22. Qxc4 dxc4 $2 (22... Nxc4 $19 23. Ba4 Nd6) 23. d5 (23. Bxe6+ $1 $11 Kxe6 24. d5+ Kd6 25. Bb6 Nxd5 26. Bxa5) 23... Nxd5 ({Better is} 23... Rxd7 $15 24. dxe6+ Kxe6 25. Bb6+ Kf7 26. Bxa5 Nd5) 24. Bxe6+ $1 $11 {[%mdl 64] [#] Decoy} Kxe6 25. Bb6+ $1 Kd7 $2 {Black is on the road to losing.} (25... Kd6 $11 26. Bxa5 Rd7) 26. Rad1 $16 Kc6 (26... Rcc8 $16) 27. Re6+ $18 Kd7 28. f5 Nc6 {And now ...Nce7 would win.} 29. Rxd5+ Kc8 30. Bxc7 Kxc7 {[%mdl 4096] Endgame KRR-KRN} 31. Kg2 {[%cal Oh5h6] h6! is the strong threat.} h6 32. Rc5 Rd8 33. Rxc4 Rd2+ 34. Kf1 Rxc2 $2 (34... Rd7 {is a better defense.} 35. Kf2 Kb8 36. Re8+ Kc7) 35. Re7+ {White is clearly winning.} Kd6 36. Rxb7 {Strongly threatening Rb6.} Kd5 37. Ra4 Rxc3 38. Rxa6 Ke4 39. Ra4+ Nd4 40. Re7+ Kd3 41. Rd7 {Weighted Error Value: White=0.29 (precise) /Black=0.58} 1-0